| 000 | 00475cam a2200193ua 4500 | ||
|---|---|---|---|
| 001 | 7472 | ||
| 008 | 141211n ii |||gr||||Z||||||ben | ||
| 040 | _cMAIN | ||
| 041 | _aben | ||
| 082 | _a782.42 | ||
| 100 |
_aMukhopadhyay, A., _eAuthor. |
||
| 245 | 1 |
_aBangla giti-kavita : _bUnishsatak / _cBy Arunkumar Mukhopadhyay . |
|
| 250 | _a1st. | ||
| 260 |
_aCalcutta: _bOriental, _c2007. |
||
| 300 | _a450p. | ||
| 653 | _aVocal music | ||
| 653 | _aBengali songs | ||
| 942 | _cBK | ||
| 999 |
_c6595 _d6595 |
||